[Event "Team junior-boys chess final 2017"]
[Site "Sochi"]
[Date "2017.05.07"]
[Round "6.4"]
[White "Minachev, Maksim"]
[Black "Kopylov, Artem"]
[Result "1-0"]
[WhiteElo "1956"]
[BlackElo "1481"]
[PlyCount "95"]
[EventDate "2017.05.01"]

1. e4 c5 2. Nf3 e6 3. b3 d5 4. exd5 exd5 5. Bb5+ Bd7 6. Bxd7+ Nxd7 7. O-O Ngf6
8. Re1+ Be7 9. Qe2 Rc8 10. Bb2 Rc6 11. Nc3 Re6 12. Qd3 d4 13. Rxe6 fxe6 14. Ne4
Nd5 15. Re1 O-O 16. Ng3 Bf6 17. Qb5 Qc8 18. Rxe6 Nc7 19. Qe2 Nxe6 20. Qxe6+ Kh8
21. d3 Re8 22. Qf7 Re7 23. Qh5 Qe8 24. Qg4 Ne5 25. Nxe5 Rxe5 26. Ne4 b5 27. f4
Re6 28. Qf5 c4 29. g4 cxd3 30. cxd3 Qc6 31. g5 Be7 32. Bxd4 Qc1+ 33. Kg2 Rc6
34. Qf7 Rc2+ 35. Nf2 Rxf2+ 36. Bxf2 Qa3 37. Bd4 Bf8 38. Qxa7 Qc1 39. Bxg7+ Kg8
40. Bxf8 Qc6+ 41. Kg3 Kxf8 42. Qxh7 Qc1 43. Qf5+ Kg8 44. Kh4 Qd2 45. h3 Qe2 46.
g6 Qe7+ 47. Kh5 Qe2+ 48. Kh6 1-0

[Event "Team junior-boys chess final 2017"]
[Site "Sochi"]
[Date "2017.05.07"]
[Round "6.5"]
[White "Kuznetsov, Sergey"]
[Black "Stukan, Martin"]
[Result "1-0"]
[WhiteElo "1517"]
[BlackElo "1972"]
[PlyCount "93"]
[EventDate "2017.05.01"]

1. e4 c5 2. Nf3 d6 3. d4 cxd4 4. Nxd4 Nf6 5. Nc3 a6 6. Bc4 e6 7. Bb3 b5 8. O-O
Be7 9. Qf3 Qc7 10. Qg3 Nc6 11. Nxc6 Qxc6 12. Be3 Bb7 13. f3 Rg8 14. a4 b4 15.
a5 Kf8 16. Na4 Nd7 17. Rfd1 g5 18. Nb6 Nxb6 19. Bxb6 g4 20. Be3 Rg6 21. Rf1
gxf3 22. Qxf3 Bf6 23. Rae1 Ke7 24. Bf4 Rag8 25. Bg3 h5 26. Qxh5 Bd4+ 27. Kh1
Qc5 28. Qxc5 dxc5 29. Bh4+ f6 30. Re2 Bc6 31. Bc4 Rh8 32. Bf2 Bxf2 33. Rfxf2
Rg4 34. Bd3 Rgh4 35. g3 Rg4 36. Kg1 f5 37. exf5 Rxg3+ 38. Kf1 Rg4 39. Rxe6+ Kd7
40. Rg6 Rgh4 41. Kg1 Bd5 42. Bxa6 Rd4 43. Bf1 Bf7 44. Rg7 Ke7 45. f6+ Ke6 46.
a6 c4 47. a7 1-0

[Event "Team junior-boys chess final 2017"]
[Site "Sochi"]
[Date "2017.05.07"]
[Round "6.5"]
[White "Tsvetkov, Andrey"]
[Black "Sargsyan, Anatoly"]
[Result "1-0"]
[WhiteElo "2066"]
[BlackElo "1702"]
[PlyCount "93"]
[EventDate "2017.05.01"]

1. d4 Nf6 2. c4 c5 3. d5 b5 4. cxb5 a6 5. bxa6 g6 6. Nc3 Bg7 7. e4 O-O 8. a7
Rxa7 9. Nf3 d6 10. Be2 Ba6 11. O-O Bxe2 12. Qxe2 Nbd7 13. Be3 Qa5 14. a3 Raa8
15. Nd2 Nb6 16. b4 cxb4 17. Nb3 Qa6 18. Qxa6 Rxa6 19. axb4 Rxa1 20. Rxa1 Nc4
21. Bd4 Rc8 22. f3 h6 23. b5 Nd7 24. Bxg7 Kxg7 25. Nd4 Rc7 26. Nc6 Nc5 27. Na4
Nxa4 28. Rxa4 Nb6 29. Ra6 Nc8 30. Ra8 Nb6 31. Rb8 Na4 32. b6 Rd7 33. b7 Kf6 34.
Ra8 Rxb7 35. Rxa4 e6 36. Kf2 exd5 37. exd5 g5 38. Kg3 Kg6 39. h4 f5 40. hxg5
hxg5 41. Ra8 Rd7 42. Rd8 Rxd8 43. Nxd8 Kf6 44. f4 g4 45. Kh4 Kg6 46. Nb7 Kf6
47. Nxd6 1-0

[Event "Team junior-boys chess final 2017"]
[Site "Sochi"]
[Date "2017.05.07"]
[Round "6.5"]
[White "Pristavka, Petr"]
[Black "Perov, German"]
[Result "0-1"]
[WhiteElo "1511"]
[BlackElo "1944"]
[PlyCount "86"]
[EventDate "2017.05.01"]

1. d4 d5 2. Bf4 c6 3. e3 e6 4. Nf3 f5 5. c4 Nf6 6. Nc3 Be7 7. Be2 O-O 8. O-O
Ne4 9. h3 Bd7 10. Ne5 Be8 11. Nxe4 dxe4 12. Qb3 Qc8 13. Rac1 Nd7 14. Rfd1 g5
15. Nxd7 gxf4 16. Nxf8 Bxf8 17. exf4 Bh6 18. g3 Bf7 19. Qb4 Qd7 20. Rc2 Kh8 21.
Rcd2 Rg8 22. Kh2 Qc7 23. Qc5 Bg7 24. d5 Bf8 25. d6 Qd7 26. Qxa7 e5 27. fxe5 Bh6
28. Rd4 Bg5 29. c5 e3 30. f4 Bd8 31. Ba6 Qe6 32. Qxb7 Qg6 33. Rg1 Bh4 34. Qxc6
Bxg3+ 35. Kh1 Qh5 36. Qg2 Bf2 37. Be2 Rxg2 38. Bxh5 Rxg1+ 39. Kh2 e2 40. Bxe2
Bxd4 41. d7 Rg8 42. c6 Bg1+ 43. Kh1 Bd5+ 0-1

[Event "Team junior-boys chess final 2017"]
[Site "Sochi"]
[Date "2017.05.07"]
[Round "6.5"]
[White "Tarasov, Danila"]
[Black "Gubarev, Vladislav"]
[Result "1-0"]
[WhiteElo "1744"]
[BlackElo "1399"]
[PlyCount "107"]
[EventDate "2017.05.01"]

1. e4 c5 2. Nf3 Nc6 3. d4 cxd4 4. Nxd4 Qb6 5. Nb3 Nf6 6. Bd3 e6 7. Be3 Qc7 8.
O-O Be7 9. Nc3 a6 10. f4 d6 11. a4 b6 12. Qd2 Ng4 13. Rae1 Nxe3 14. Qxe3 Nb4
15. Qg3 O-O 16. f5 Kh8 17. fxe6 Bxe6 18. Nd5 Nxd5 19. exd5 Bxd5 20. Bxh7 Kxh7
21. Qd3+ Kg8 22. Qxd5 Bf6 23. c3 Rac8 24. Re4 Rfe8 25. Nd2 Qc5+ 26. Qxc5 dxc5
27. Rfe1 Kf8 28. Nc4 Rxe4 29. Rxe4 b5 30. axb5 axb5 31. Nd6 Rb8 32. Kf1 b4 33.
cxb4 cxb4 34. Nc4 Re8 35. Rxe8+ Kxe8 36. Ke2 Kd7 37. Kd3 Ke6 38. Ke4 g5 39. g4
Bd8 40. b3 Bc7 41. h3 f6 42. Ne3 Bf4 43. Nc2 Bd2 44. Nd4+ Kf7 45. Kd5 Bc3 46.
Nc6 Be1 47. Kc4 Ke6 48. Nxb4 Bxb4 49. Kxb4 Ke5 50. Kc4 Kf4 51. Kd4 Kg3 52. Ke4
Kxh3 53. Kf5 Kg3 54. b4 1-0

[Event "Team junior-boys chess final 2017"]
[Site "Sochi"]
[Date "2017.05.08"]
[Round "7.1"]
[White "Stukan, Martin"]
[Black "Murtazin, Ruslan"]
[Result "0-1"]
[WhiteElo "1972"]
[BlackElo "2411"]
[PlyCount "104"]
[EventDate "2017.05.01"]

1. d4 Nf6 2. c4 e6 3. Nc3 c5 4. d5 exd5 5. cxd5 d6 6. e4 g6 7. h3 Bg7 8. Nf3 a6
9. a4 Nbd7 10. Bd3 Nh5 11. Bg5 Bf6 12. Be3 Ne5 13. Be2 Ng7 14. O-O Nxf3+ 15.
Bxf3 O-O 16. Qd2 Be5 17. Be2 f5 18. Bg5 Qe8 19. exf5 Nxf5 20. Rae1 Qf7 21. Bg4
Nd4 22. f4 Bf6 23. Ne4 Bg7 24. Be6 Nxe6 25. dxe6 Bxe6 26. Qxd6 Bd4+ 27. Kh2 Bc4
28. Nxc5 Bxc5 29. Qxc5 Bxf1 30. Rxf1 Rac8 31. Qa3 Rfe8 32. f5 gxf5 33. Rf3 Rc6
34. Qd3 Rf8 35. h4 h6 36. Bd2 Rg6 37. Bb4 Qc7+ 38. Kh3 Rf7 39. Re3 Kh7 40. Bc3
Qf4 41. Qe2 Qg4+ 42. Qxg4 Rxg4 43. Re8 Rg8 44. Re6 f4 45. Bd2 Rg6 46. Rxg6 Kxg6
47. Kg4 h5+ 48. Kf3 Rd7 49. Bxf4 Rd4 50. a5 Kf5 51. g3 Rd3+ 52. Ke2 Rb3 0-1

[Event "Team junior-boys chess final 2017"]
[Site "Sochi"]
[Date "2017.05.08"]
[Round "7.1"]
[White "Ismailov, Amir"]
[Black "Tsvetkov, Andrey"]
[Result "1-0"]
[WhiteElo "1897"]
[BlackElo "2066"]
[PlyCount "95"]
[EventDate "2017.05.01"]

1. Nf3 d5 2. g3 c6 3. Bg2 Bg4 4. O-O Nd7 5. d4 e6 6. Nbd2 Ngf6 7. c4 Be7 8. b3
O-O 9. Bb2 Rc8 10. Rc1 Qa5 11. a3 Rfd8 12. b4 Qa6 13. Qb3 dxc4 14. Qxc4 Qxc4
15. Rxc4 Nb6 16. Rcc1 Ne8 17. h4 Bxf3 18. Bxf3 a5 19. bxa5 Na4 20. Ba1 Ra8 21.
Nb3 Nd6 22. e4 Nb5 23. Rc4 Nxa3 24. Rxa4 b5 25. Rxa3 Bxa3 26. Bc3 c5 27. Nxc5
Bxc5 28. dxc5 Rd3 29. Rc1 Rxf3 30. c6 Rc8 31. Bb4 Rb3 32. c7 Rxb4 33. Rd1 Rf8
34. a6 Rc4 35. Rd7 Rxc7 36. Rxc7 Ra8 37. a7 g5 38. h5 Kg7 39. Kf1 Rd8 40. Ke2
Kh6 41. Rb7 Ra8 42. Rxf7 Kxh5 43. Rxh7+ Kg4 44. Kd3 Rd8+ 45. Kc3 Kf3 46. Rf7+
Kxe4 47. Kb4 g4 48. Kxb5 1-0

[Event "Team junior-boys chess final 2017"]
[Site "Sochi"]
[Date "2017.05.08"]
[Round "7.1"]
[White "Perov, German"]
[Black "Garifzyanov, Niyaz"]
[Result "1-0"]
[WhiteElo "1944"]
[BlackElo "1874"]
[PlyCount "83"]
[EventDate "2017.05.01"]

1. e4 c6 2. d4 d5 3. exd5 cxd5 4. c4 Nf6 5. Nc3 e6 6. Bd3 Bb4 7. Nge2 Nc6 8.
O-O O-O 9. a3 Be7 10. Bf4 dxc4 11. Bxc4 Na5 12. Ba2 Nd5 13. Nxd5 exd5 14. Nc3
Be6 15. Qf3 Nc4 16. Bxc4 dxc4 17. d5 Bf5 18. d6 Bf6 19. Rfe1 Be6 20. Rad1 Bxc3
21. Qxc3 Qd7 22. Re3 Kh8 23. Rde1 Rae8 24. h4 f6 25. h5 h6 26. Qd4 b6 27. Re4
b5 28. Qc5 Rc8 29. Qe3 Bd5 30. Re7 Qg4 31. f3 Qxh5 32. d7 Ra8 33. Re8 Bc6 34.
Rxf8+ Rxf8 35. Qe7 Bxd7 36. Qxf8+ Kh7 37. Re7 Qg6 38. Rxd7 a5 39. Qe7 Qb1+ 40.
Kh2 Qg6 41. Qe4 b4 42. Qxg6+ 1-0

[Event "Team junior-boys chess final 2017"]
[Site "Sochi"]
[Date "2017.05.08"]
[Round "7.1"]
[White "Galiev, Irek"]
[Black "Vasilyev, Alexey"]
[Result "1/2-1/2"]
[WhiteElo "1866"]
[BlackElo "1845"]
[PlyCount "186"]
[EventDate "2017.05.01"]

1. d4 Nf6 2. Nf3 e6 3. g3 b6 4. Bg2 Bb7 5. O-O Be7 6. c4 O-O 7. b3 c5 8. Bb2 d6
9. Nc3 Nbd7 10. Re1 a6 11. e4 cxd4 12. Nxd4 Qc7 13. Qe2 Ne5 14. Rad1 Rac8 15.
f4 Nc6 16. Nxc6 Bxc6 17. Kh1 Rfe8 18. Qc2 b5 19. cxb5 axb5 20. Qe2 Qb7 21. e5
dxe5 22. fxe5 Nd7 23. Bxc6 Qxc6+ 24. Qg2 Qxg2+ 25. Kxg2 Nb6 26. Re2 b4 27. Nb5
Nd5 28. Kf3 Rb8 29. Nd4 Ra8 30. Ba1 Bg5 31. h4 Bh6 32. g4 Bf4 33. Nc6 g5 34.
hxg5 Bxg5 35. Rd4 Be7 36. Nxe7+ Rxe7 37. Rc4 Rea7 38. Rcc2 Ra6 39. Bd4 Ra5 40.
Ke4 Kg7 41. Rf2 Kg8 42. Kd3 Kg7 43. Bc5 Rc8 44. Bd4 Rca8 45. Rh2 Kg6 46. Ke4
Kg7 47. Kf3 Kg6 48. Rhf2 Kg7 49. Kg2 Kg6 50. Kf1 Kg7 51. Ke1 Kg6 52. Kd1 Kg7
53. Kc1 Kg6 54. Kb1 Kg7 55. Rc6 Kg6 56. Rd6 Kg7 57. Rd7 Rf8 58. Rb7 Kg6 59. Ka1
Kg7 60. Rc2 Kg6 61. Rf2 Kg7 62. Rd7 Kg6 63. Rd6 Kg7 64. Rc6 Rfa8 65. Rc1 Kg6
66. Rcf1 Rf8 67. Rh2 Kg7 68. Bb2 Rfa8 69. Bd4 Rf8 70. Rc2 Kg6 71. Rcf2 Kg7 72.
Rc1 Kg6 73. Rc6 Kg7 74. Rd6 Rfa8 75. Rd7 Rf8 76. Kb2 Kg6 77. Rb7 Kg7 78. Ra7
Rxa7 79. Bxa7 Rc8 80. Bd4 Rc7 81. a4 bxa3+ 82. Kxa3 Kg6 83. Rh2 Kg5 84. Rxh7
Kxg4 85. Ka4 Kf4 86. b4 Ke4 87. Rh4+ Kf5 88. b5 f6 89. exf6 Nxf6 90. b6 Rd7 91.
Kb5 Nd5 92. Kc6 Nxb6 93. Bxb6 Rd1 1/2-1/2

[Event "Team junior-boys chess final 2017"]
[Site "Sochi"]
[Date "2017.05.08"]
[Round "7.2"]
[White "Kytin, Makar"]
[Black "Kuznetsov, Sergey"]
[Result "1/2-1/2"]
[WhiteElo "2120"]
[BlackElo "1517"]
[PlyCount "96"]
[EventDate "2017.05.01"]

1. e4 e6 2. d4 d5 3. Bd3 dxe4 4. Bxe4 Nf6 5. Bf3 c5 6. Ne2 Be7 7. Nbc3 O-O 8.
O-O Nc6 9. Be3 cxd4 10. Nxd4 Ne5 11. b3 Nxf3+ 12. Qxf3 a6 13. Rac1 Qc7 14. Ne4
Nxe4 15. Qxe4 Bd6 16. f4 Rb8 17. c4 b6 18. Qf3 Bb7 19. Qf2 Ba8 20. h3 Rfd8 21.
Ne2 Bc5 22. Bxc5 bxc5 23. Rfd1 Qc6 24. Nc3 Rd4 25. Ne2 Rdd8 26. Kf1 Qe4 27. Nc3
Qc6 28. Na4 Rdc8 29. Rd2 Rb7 30. Nxc5 Rbc7 31. Rcd1 Kf8 32. Na4 a5 33. Nb6 Re8
34. Nxa8 Rxa8 35. Rd6 Qe4 36. Qh4 Re7 37. R6d4 Qg6 38. c5 Qc2 39. Rd8+ Rxd8 40.
Rxd8+ Re8 41. Rxe8+ Kxe8 42. Qf2 Qb1+ 43. Qe1 Qxa2 44. Qd1 Qa3 45. c6 Qe7 46.
Qd4 Qc7 47. Qc4 Ke7 48. Qc5+ Qd6 1/2-1/2

[Event "Team junior-boys chess final 2017"]
[Site "Sochi"]
[Date "2017.05.08"]
[Round "7.2"]
[White "Sargsyan, Anatoly"]
[Black "Grachev, Alexey"]
[Result "0-1"]
[WhiteElo "1702"]
[BlackElo "2147"]
[PlyCount "118"]
[EventDate "2017.05.01"]

1. d4 d5 2. Bf4 Nf6 3. Nf3 c5 4. e3 e6 5. c3 Nc6 6. Nbd2 cxd4 7. exd4 Nh5 8.
Bg5 f6 9. Bh4 Nf4 10. Bg3 Bd6 11. Nb3 Qc7 12. Qd2 O-O 13. Nc1 Bd7 14. Nd3 Ng6
15. Nc5 Rab8 16. Nxd7 Qxd7 17. Bd3 Nce7 18. O-O Nf5 19. Bxf5 exf5 20. Bxd6 Qxd6
21. Rfe1 Rfe8 22. Rxe8+ Rxe8 23. Re1 Re4 24. h3 Qe6 25. Re3 Ne7 26. Ne1 Kf7 27.
Nc2 Qa6 28. a3 Qb5 29. Nb4 a5 30. Nd3 b6 31. f3 Rxe3 32. Qxe3 g5 33. Qe2 Qc4
34. f4 g4 35. Kf2 h5 36. Nc1 Qc6 37. hxg4 hxg4 38. Qd3 Kg6 39. Qe2 Nc8 40. Kg1
Kf7 41. Nb3 Nd6 42. Nd2 Qc8 43. g3 b5 44. Nf1 Qc4 45. Qxc4 Nxc4 46. b4 a4 47.
Kf2 Nxa3 48. Ke2 Nb1 49. Kd3 a3 50. Kc2 a2 51. Kb2 Nxc3 52. Ne3 Ke6 53. Nc2 Ne2
54. Kxa2 Nxg3 55. Ne1 Ne2 56. Ng2 Nxd4 57. Kb2 Nc6 58. Kc3 d4+ 59. Kd3 Kd5 0-1

[Event "Team junior-boys chess final 2017"]
[Site "Sochi"]
[Date "2017.05.08"]
[Round "7.2"]
[White "Minachev, Maksim"]
[Black "Pristavka, Petr"]
[Result "1/2-1/2"]
[WhiteElo "1956"]
[BlackElo "1511"]
[PlyCount "71"]
[EventDate "2017.05.01"]

1. e4 c6 2. d4 d5 3. e5 Bf5 4. Nf3 e6 5. Bd3 Bxd3 6. Qxd3 Qa5+ 7. Nc3 Qa6 8.
Qxa6 Nxa6 9. a3 c5 10. Be3 cxd4 11. Nxd4 Bc5 12. Nce2 Ne7 13. b4 Bxd4 14. Nxd4
Rc8 15. Kd2 Nc7 16. b5 Na8 17. Nb3 Nb6 18. Bxb6 axb6 19. a4 Kd7 20. Rhe1 Rc4
21. c3 Rhc8 22. Re3 Ra8 23. a5 bxa5 24. Rxa5 Rxa5 25. Nxa5 Rc5 26. Nxb7 Rxb5
27. Nd6 Rb2+ 28. Ke1 f6 29. exf6 gxf6 30. Nf7 Rb1+ 31. Ke2 Rb2+ 32. Ke1 Rb1+
33. Ke2 Rb2+ 34. Ke1 Rb1+ 35. Ke2 Rb2+ 36. Ke1 1/2-1/2

[Event "Team junior-boys chess final 2017"]
[Site "Sochi"]
[Date "2017.05.08"]
[Round "7.2"]
[White "Gubarev, Vladislav"]
[Black "Prokudin, Igor"]
[Result "1/2-1/2"]
[WhiteElo "1399"]
[BlackElo "1374"]
[PlyCount "54"]
[EventDate "2017.05.01"]

1. d4 d5 2. c4 e6 3. Nc3 Be7 4. Nf3 Nf6 5. Bg5 h6 6. Bh4 O-O 7. e3 Ne4 8. Bxe7
Qxe7 9. Nxe4 dxe4 10. Nd2 e5 11. d5 f5 12. Be2 c6 13. Qb3 g5 14. d6 Qf7 15. c5
Qxb3 16. axb3 Kg7 17. Nc4 Nd7 18. b4 Kg6 19. h4 g4 20. h5+ Kf6 21. Kd2 Rg8 22.
Rhg1 Rg5 23. f3 gxf3 24. gxf3 exf3 25. Bxf3 a6 26. Rxg5 hxg5 27. Rh1 Kg7 {
çàïèñü íåðàçáîð~~èâà} 1/2-1/2

[Event "Team junior-boys chess final 2017"]
[Site "Sochi"]
[Date "2017.05.08"]
[Round "7.3"]
[White "Mochalin, Faddey"]
[Black "Kuzmin, Roman"]
[Result "1-0"]
[WhiteElo "1994"]
[BlackElo "1806"]
[PlyCount "69"]
[EventDate "2017.05.01"]

1. d4 d5 2. c4 c6 3. Nc3 Nf6 4. e3 Bf5 5. cxd5 cxd5 6. Qb3 Nc6 7. Nf3 Rb8 8.
Ne5 Qb6 9. Bb5 e6 10. Nxc6 bxc6 11. Bxc6+ Kd8 12. Qxb6+ Rxb6 13. Ba4 Bd6 14. f3
Ke7 15. O-O Rc8 16. Bb3 a5 17. Bd2 Bc2 18. Bxc2 Rxb2 19. Rfc1 Bb4 20. Rab1 Bxc3
21. Bxc3 Rxb1 22. Bxb1 Ra8 23. Bc2 Nd7 24. Bd3 Kd6 25. Bb2 Nb6 26. Ba3+ Kd7 27.
Bb5+ Kd8 28. Rc6 Nc8 29. Bc5 Rb8 30. a4 Rb7 31. Rxc8+ Kxc8 32. Ba6 Kc7 33. Bxb7
Kxb7 34. Kf2 Kc6 35. Kg3 1-0

[Event "Team junior-boys chess final 2017"]
[Site "Sochi"]
[Date "2017.05.08"]
[Round "7.3"]
[White "Gavrilin, Roman"]
[Black "Bobkov, Vadim"]
[Result "1-0"]
[WhiteElo "1668"]
[BlackElo "1894"]
[PlyCount "89"]
[EventDate "2017.05.01"]

1. e4 c5 2. Nf3 Nc6 3. d4 cxd4 4. Nxd4 g6 5. Nc3 Bg7 6. Be3 Nf6 7. Bc4 O-O 8.
Bb3 Ng4 9. Qxg4 Nxd4 10. Qd1 Nxb3 11. axb3 d6 12. Bd4 a6 13. Bxg7 Kxg7 14. Qd4+
Kg8 15. O-O Be6 16. f4 Qc8 17. f5 gxf5 18. exf5 Bxf5 19. Nd5 e5 20. Ne7+ Kh8
21. Qxd6 Qe6 22. Nxf5 Rac8 23. Qxe6 fxe6 24. Ne3 Rfd8 25. Rad1 Rd4 26. Kf2 Kg7
27. Ke2 b5 28. c3 Re4 29. Rd7+ Kg6 30. Rff7 b4 31. Rg7+ Kh6 32. Rxh7+ Kg6 33.
c4 a5 34. Rhg7+ Kh6 35. Rg4 Rxg4 36. Nxg4+ Kh5 37. Nxe5 Rc5 38. Nf3 a4 39. Kd3
axb3 40. Rb7 e5 41. Rxb4 Kg4 42. Rb5 e4+ 43. Ke3 exf3 44. gxf3+ Kh3 45. Rxc5
1-0

[Event "Team junior-boys chess final 2017"]
[Site "Sochi"]
[Date "2017.05.08"]
[Round "7.3"]
[White "Bratchikov, Vladislav"]
[Black "Dotsenko, Makar"]
[Result "1/2-1/2"]
[WhiteElo "1894"]
[BlackElo "1462"]
[PlyCount "102"]
[EventDate "2017.05.01"]

1. d4 d5 2. Nf3 Nf6 3. Bf4 c5 4. e3 Bf5 5. c3 e6 6. Bxb8 Qxb8 7. Bb5+ Kd8 8.
Ne5 Qc7 9. Nd2 Bd6 10. Ndf3 Ng4 11. Nxg4 Bxg4 12. dxc5 Qxc5 13. Be2 h6 14. Rc1
Rc8 15. O-O a5 16. Qb3 Bxf3 17. Bxf3 Qc7 18. h3 Ke7 19. Rcd1 Rhd8 20. e4 dxe4
21. Bxe4 b6 22. Bb1 Bc5 23. Qa4 Rxd1 24. Rxd1 Qc6 25. Qc2 Rd8 26. Rxd8 Kxd8 27.
b4 Bd6 28. bxa5 bxa5 29. Qd3 Ke7 30. Qd4 e5 31. Qa7+ Qc7 32. Qe3 Bc5 33. Qe4
Bd6 34. c4 Qc5 35. Bc2 Qd4 36. Qb7+ Ke6 37. Qc8+ Ke7 38. Qb7+ Ke6 39. c5 Bxc5
40. Bb3+ Kd6 41. Qxf7 Kc6 42. g3 e4 43. Kg2 e3 44. fxe3 Qxe3 45. Qd5+ Kb6 46.
h4 Qe2+ 47. Kh3 Qf1+ 48. Kg4 Qe2+ 49. Kf5 Qh5+ 50. Kf4 Qxd5 51. Bxd5 Be7
1/2-1/2

[Event "Team junior-boys chess final 2017"]
[Site "Sochi"]
[Date "2017.05.08"]
[Round "7.3"]
[White "Kopylov, Artem"]
[Black "Morgachev, Sergey"]
[Result "1-0"]
[WhiteElo "1481"]
[BlackElo "1814"]
[PlyCount "123"]
[EventDate "2017.05.01"]

1. d4 Nf6 2. c4 e6 3. Nc3 Bb4 4. f3 c5 5. d5 O-O 6. e4 d6 7. Bd3 Nbd7 8. Nge2
Ne5 9. O-O exd5 10. cxd5 Nxd3 11. Qxd3 a6 12. a4 h6 13. Ng3 Re8 14. Bf4 Qc7 15.
Kh1 c4 16. Qc2 Bd7 17. Rac1 b5 18. Nce2 Bc5 19. Rfd1 Qb6 20. Qc3 b4 21. Qxc4
Bxa4 22. b3 Bb5 23. Qc2 Bd7 24. Qb2 Nh7 25. Nd4 f6 26. Ngf5 a5 27. Nc6 Bxf5 28.
exf5 Be3 29. Bxe3 Rxe3 30. Nd4 Ree8 31. Rc6 Qb7 32. Ne6 Rac8 33. Rdc1 Nf8 34.
Qc2 Rxc6 35. Qxc6 Qxc6 36. Rxc6 Nxe6 37. fxe6 Rd8 38. Ra6 Kf8 39. Rxa5 Rc8 40.
h3 Rc3 41. Ra6 Rxb3 42. Rxd6 Rd3 43. Rd8+ Ke7 44. Rd7+ Ke8 45. Rxg7 Rxd5 46.
Rb7 Re5 47. Rxb4 Rxe6 48. Re4 Rxe4 49. fxe4 Ke7 50. Kh2 Ke6 51. Kg3 f5 52. Kf4
fxe4 53. Kxe4 Kf6 54. Kf4 Kg6 55. g4 Kf6 56. h4 Ke6 57. Ke4 Kf6 58. Kd5 Kf7 59.
Ke5 Ke7 60. h5 Kf7 61. Kf5 Kg7 62. Ke6 1-0

[Event "Team junior-boys chess final 2017"]
[Site "Sochi"]
[Date "2017.05.08"]
[Round "7.4"]
[White "Grigoriants, Boris"]
[Black "Nesterov, Arseniy"]
[Result "0-1"]
[WhiteElo "1731"]
[BlackElo "2324"]
[PlyCount "62"]
[EventDate "2017.05.01"]

1. e4 e5 2. Nf3 Nc6 3. Bc4 Bc5 4. O-O Nf6 5. d4 Bxd4 6. Nxd4 Nxd4 7. f4 d6 8.
fxe5 dxe5 9. Bg5 Qe7 10. c3 Ne6 11. Be3 Nxe4 12. Qd5 Nd6 13. Bb3 Nd8 14. Qf3
O-O 15. Nd2 Be6 16. Bc2 f5 17. Rae1 e4 18. Qg3 Nc6 19. Rf4 Ne5 20. Ref1 Ng6 21.
R4f2 b6 22. Bg5 Qd7 23. h4 Nf7 24. h5 Nxg5 25. Qxg5 Qe7 26. Qg3 f4 27. Qh2 e3
28. Re2 Nh8 29. Rxf4 exd2 30. Rxd2 Qg5 31. h6 Qxf4 0-1

[Event "Team junior-boys chess final 2017"]
[Site "Sochi"]
[Date "2017.05.08"]
[Round "7.4"]
[White "Tsoi, Dmitry"]
[Black "Babayan, Arman S"]
[Result "1-0"]
[WhiteElo "2305"]
[BlackElo "1746"]
[PlyCount "75"]
[EventDate "2017.05.01"]

1. e4 c5 2. Nf3 Nc6 3. d4 cxd4 4. Nxd4 Nf6 5. Nc3 e6 6. Ndb5 d6 7. Bf4 e5 8.
Bg5 a6 9. Na3 Be7 10. Bxf6 Bxf6 11. Nd5 Bg5 12. h4 Bh6 13. g4 Bf4 14. Nxf4 exf4
15. Nc4 O-O 16. f3 Ne5 17. Nxe5 dxe5 18. Qxd8 Rxd8 19. Bc4 Bd7 20. Bd5 Bc6 21.
Bxc6 bxc6 22. Rd1 Rxd1+ 23. Kxd1 Rd8+ 24. Kc1 Kf8 25. Rd1 Rxd1+ 26. Kxd1 g6 27.
b4 h5 28. gxh5 gxh5 29. Kd2 Ke7 30. Kd3 Ke6 31. a4 Kd7 32. Kc3 Kd6 33. Kc4 c5
34. bxc5+ Kc6 35. a5 f5 36. exf5 e4 37. fxe4 f3 38. Kd3 1-0

[Event "Team junior-boys chess final 2017"]
[Site "Sochi"]
[Date "2017.05.08"]
[Round "7.4"]
[White "Terzyan, Nazar"]
[Black "Murzin, Volodar"]
[Result "0-1"]
[WhiteElo "1715"]
[BlackElo "2315"]
[PlyCount "78"]
[EventDate "2017.05.01"]

1. e4 c5 2. Nf3 d6 3. Nc3 Nf6 4. d4 cxd4 5. Qxd4 Nc6 6. Bb5 Bd7 7. Bxc6 Bxc6 8.
Bg5 e6 9. O-O-O Be7 10. Rhe1 O-O 11. Kb1 a6 12. h4 h6 13. Bxf6 Bxf6 14. Qe3 Qe7
15. Rh1 Bxc3 16. bxc3 f5 17. e5 d5 18. Rhg1 Be8 19. Rd4 Bh5 20. Nh2 b5 21. g4
fxg4 22. Nxg4 Kh8 23. f3 Rab8 24. Rf4 b4 25. c4 dxc4 26. Rxc4 a5 27. Rd1 a4 28.
Rd3 Bg6 29. Nf2 Bxd3 30. Qxd3 Rfd8 31. Rd4 Rxd4 32. Qxd4 b3 33. cxb3 axb3 34.
axb3 Rxb3+ 35. Kc2 Rxf3 36. Kd2 Rf8 37. Ke3 Qd8 38. Qb4 Qb8 39. Qd4 Rd8 0-1

[Event "Team junior-boys chess final 2017"]
[Site "Sochi"]
[Date "2017.05.08"]
[Round "7.4"]
[White "Makoveev, Ilya"]
[Black "Kalaychev, Nodis"]
[Result "1-0"]
[WhiteElo "2246"]
[BlackElo "1490"]
[PlyCount "45"]
[EventDate "2017.05.01"]

1. e4 e5 2. Nf3 Nc6 3. Bc4 Bc5 4. c3 Nf6 5. d3 d6 6. Nbd2 O-O 7. Bb3 Bg4 8. h3
Bh5 9. Qe2 Ne7 10. g4 Bg6 11. Nf1 h6 12. Ng3 Nd7 13. h4 Nc6 14. h5 Bh7 15. g5
Kh8 16. Nh4 hxg5 17. Ng6+ Kg8 18. Nf5 Re8 19. Qg4 Na5 20. Bxg5 Qc8 21. Nge7+
Kh8 22. Bf6 gxf6 23. Qg7# 1-0

[Event "Team junior-boys chess final 2017"]
[Site "Sochi"]
[Date "2017.05.08"]
[Round "7.5"]
[White "Shubin, Kirill"]
[Black "Kirushin, Ivan"]
[Result "1-0"]
[WhiteElo "2287"]
[BlackElo "1640"]
[PlyCount "55"]
[EventDate "2017.05.01"]

1. e4 c5 2. Nf3 e6 3. d4 cxd4 4. Nxd4 Nf6 5. Nc3 Nc6 6. Nxc6 bxc6 7. Bd3 Qc7 8.
O-O d5 9. Qe2 Be7 10. f4 Bb7 11. Kh1 Nd7 12. Be3 Bc5 13. exd5 cxd5 14. Bxc5
Qxc5 15. f5 e5 16. Bb5 f6 17. Rad1 O-O-O 18. Nxd5 Bxd5 19. b4 Qxb4 20. Ba6+ Kc7
21. Rxd5 Nb6 22. Rb5 Qd4 23. Qf3 e4 24. Qg3+ Kc6 25. Qxg7 Rb8 26. Rbb1 Rbg8 27.
Qe7 e3 28. Bb5+ 1-0

[Event "Team junior-boys chess final 2017"]
[Site "Sochi"]
[Date "2017.05.08"]
[Round "7.5"]
[White "Goncharova, Sofiya"]
[Black "Zemnitskiy, Alexander"]
[Result "0-1"]
[WhiteElo "1034"]
[BlackElo "2010"]
[PlyCount "42"]
[EventDate "2017.05.01"]

1. e4 c5 2. Nf3 d6 3. d4 cxd4 4. Nxd4 Nf6 5. Nc3 a6 6. Bd3 e5 7. Nf3 Be7 8. O-O
O-O 9. Nd5 Nxd5 10. exd5 f5 11. Be2 Nd7 12. Nd2 Nf6 13. c4 f4 14. f3 Bf5 15.
Qb3 Qc8 16. Re1 Qc5+ 17. Kf1 Bd8 18. Bd3 Bb6 19. Ne4 Bxe4 20. Qc2 Bxd3+ 21.
Qxd3 Qf2# 0-1

[Event "Team junior-boys chess final 2017"]
[Site "Sochi"]
[Date "2017.05.09"]
[Round "8.1"]
[White "Murtazin, Ruslan"]
[Black "Kirushin, Ivan"]
[Result "1-0"]
[WhiteElo "2411"]
[BlackElo "1640"]
[PlyCount "129"]
[EventDate "2017.05.01"]

1. e4 g6 2. d4 Bg7 3. Nc3 d6 4. Be3 Nf6 5. f3 a6 6. Qd2 h5 7. a4 Nc6 8. Bc4 e5
9. Nge2 Bd7 10. O-O O-O 11. d5 Ne7 12. Bh6 Ne8 13. Bxg7 Kxg7 14. f4 f5 15. exf5
Bxf5 16. Ng3 Nf6 17. Rae1 Nd7 18. Nce2 Bg4 19. h3 Bxe2 20. Nxe2 Nf5 21. Bd3 Nd4
22. Nxd4 exd4 23. Re6 Rf6 24. f5 Ne5 25. Rxf6 Qxf6 26. fxg6 Qe7 27. Bf5 Rf8 28.
Qxd4 Qg5 29. Qe4 Qf6 30. Qe2 Qg5 31. Qe4 Qf6 32. Qf4 Nxg6 33. Qg3 Qd4+ 34. Kh2
Rf6 35. Bxg6 Rxg6 36. Qf4 Qxf4+ 37. Rxf4 Rg5 38. Rc4 Rxd5 39. Rxc7+ Kg6 40.
Rxb7 Rd2 41. c3 Kf5 42. b4 Ra2 43. a5 Rc2 44. Rc7 Ke4 45. Kg3 d5 46. Rc5 h4+
47. Kxh4 Rxg2 48. Kh5 Rg8 49. h4 Rh8+ 50. Kg4 Rg8+ 51. Kh5 Rh8+ 52. Kg5 Rg8+
53. Kf6 Rh8 54. Ke6 Rxh4 55. Kd6 Rh6+ 56. Kc7 Kd3 57. Kb7 Rd6 58. b5 axb5 59.
a6 d4 60. cxd4 b4 61. a7 Rd7+ 62. Rc7 Rd8 63. d5 Kd4 64. d6 Kd5 65. a8=Q 1-0

[Event "Team junior-boys chess final 2017"]
[Site "Sochi"]
[Date "2017.05.09"]
[Round "8.1"]
[White "Goncharova, Sofiya"]
[Black "Ismailov, Amir"]
[Result "0-1"]
[WhiteElo "1034"]
[BlackElo "1897"]
[PlyCount "58"]
[EventDate "2017.05.01"]

1. e4 c5 2. Nf3 d6 3. d4 cxd4 4. Nxd4 Nf6 5. Nc3 a6 6. Bd3 e5 7. Nf3 Be7 8. O-O
O-O 9. Be3 Bg4 10. h3 Bh5 11. Be2 Bg6 12. Nd5 Bxe4 13. Nb6 Ra7 14. Nd7 Nbxd7
15. Bxa7 b6 16. Ng5 Qc7 17. Nxe4 Nxe4 18. Bxb6 Qxb6 19. Qd5 Ndf6 20. Qb3 Qa7
21. Qa3 a5 22. b4 Nxf2 23. Qxa5 Nxh3+ 24. Kh2 Qe3 25. Rae1 Nf2 26. Bf3 N6g4+
27. Bxg4 Nxg4+ 28. Kh1 Qh6+ 29. Kg1 Qh2# 0-1